[Event "Szombathely Savaria op 3rd"]
[Site "Szombathely"]
[Date "2003.07.26"]
[Round "8"]
[White "Rachela, Milan"]
[Black "Simakov, Vladimir A"]
[Result "1-0"]
[WhiteElo "2213"]
[BlackElo "2070"]
[PlyCount "79"]
[EventDate "2003.07.19"]
[EventType "swiss"]
[EventRounds "9"]
[EventCountry "HUN"]
[SourceTitle "CBM 095 Extra"]
[Source "ChessBase"]
[SourceDate "2003.09.04"]
[SourceVersion "1"]
[SourceVersionDate "2003.09.04"]
[SourceQuality "1"]

1. d4 e6 2. Nf3 Nf6 3. Bg5 Be7 4. e3 b6 5. Bd3 Bb7 6. Nbd2 d5 7. c3 c5 8. 0-0 0-0 9. Ne5 Qc7 10. f4 Ba6 11. Qe2 Bxd3 12. Qxd3 Nbd7 13. Kh1 Rfc8 14. Rf3 Nf8 15. Raf1 cxd4 16. exd4 b5 17. f5 b4 18. Bxf6 Bxf6 19. Ng4 Bg5 20. fxe6 f6 21. cxb4 Nxe6 22. Nb3 Rab8 23. Qf5 Qd6 24. Ne3 Bxe3 25. Rxe3 Ng5 26. Nc5 Rc6 27. b5 Rcc8 28. a4 Rxc5 29. dxc5 Qxc5 30. Rd3 Rd8 31. b4 Qc4 32. Rfd1 Qxb4 33. Rxd5 Re8 34. Rd8 Kf7 35. Qd5+ Re6 36. Rd7+ Kg6 37. Qd4 Re1+ 38. Rxe1 Qxe1+ 39. Qg1 Qe2 40. Qxa7 1-0

[Event "Szombathely Savaria op 3rd"]
[Site "Szombathely"]
[Date "2003.07.25"]
[Round "7"]
[White "Simakov, Vladimir A"]
[Black "Meshcheriakova, Evgenia"]
[Result "0-1"]
[WhiteElo "2070"]
[BlackElo "2257"]
[PlyCount "48"]
[EventDate "2003.07.19"]
[EventType "swiss"]
[EventRounds "9"]
[EventCountry "HUN"]
[SourceTitle "CBM 095 Extra"]
[Source "ChessBase"]
[SourceDate "2003.09.04"]
[SourceVersion "1"]
[SourceVersionDate "2003.09.04"]
[SourceQuality "1"]

1. d4 Nf6 2. c4 e6 3. Nc3 Bb4 4. e3 b6 5. Bd3 Bb7 6. Nge2 Bxg2 7. Rg1 Be4 8. Rxg7 Bg6 9. e4 Bf8 10. Rxg6 hxg6 11. Nf4 Rxh2 12. Qf3 g5 13. Nxe6 dxe6 14. e5 Qxd4 15. exf6 g4 16. Qg3 Bd6 17. Qe3 Qxe3+ 18. Bxe3 Rh1+ 19. Bf1 Nd7 20. 0-0-0 Bc5 21. Bxc5 Nxc5 22. Nb5 Rc8 23. b4 a6 24. Na7 Rd8 0-1

[Event "Szombathely Savaria op 3rd"]
[Site "Szombathely"]
[Date "2003.07.23"]
[Round "5"]
[White "Simakov, Vladimir A"]
[Black "Kukel, Imre1111"]
[Result "1-0"]
[WhiteElo "2070"]
[BlackElo "2251"]
[PlyCount "105"]
[EventDate "2003.07.19"]
[EventType "swiss"]
[EventRounds "9"]
[EventCountry "HUN"]
[SourceTitle "CBM 095 Extra"]
[Source "ChessBase"]
[SourceDate "2003.09.04"]
[SourceVersion "1"]
[SourceVersionDate "2003.09.04"]
[SourceQuality "1"]

1. d4 Nf6 2. c4 c5 3. d5 b5 4. cxb5 a6 5. b6 g6 6. Nc3 Qxb6 7. e4 d6 8. Nf3 Nbd7 9. a4 Qb4 10. Nd2 Ne5 11. a5 Bd7 12. Be2 Bg7 13. 0-0 0-0 14. f4 Neg4 15. Nc4 Bb5 16. Na2 Ba4 17. Nxb4 Bxd1 18. Rxd1 cxb4 19. e5 dxe5 20. fxe5 Nxe5 21. Nxe5 Ne4 22. Nc6 e6 23. d6 Rfc8 24. Ne7+ Kf8 25. Nxc8 Rxc8 26. Bf3 Nc5 27. d7 Rd8 28. Be3 Nb3 29. Rab1 Ke7 30. Rd3 Nxa5 31. Bb6 Nc4 32. Bxd8+ Kxd8 33. Rc1 Nb6 34. Rc6 Bf8 35. Kf1 Nxd7 36. Rxa6 Bc5 37. Bc6 Ke7 38. Rxd7+ Kf6 39. Raa7 Bxa7 40. Rxa7 h5 41. Be8 h4 42. Rxf7+ Kg5 43. Rg7 b3 44. Rxg6+ Kf5 45. Rg7 e5 46. Rb7 e4 47. Rxb3 Kf4 48. Rc3 e3 49. b4 h3 50. g3+ Kf3 51. Bc6+ Kg4 52. Rxe3 Kf5 53. b5 1-0

[Event "Szombathely Savaria op 3rd"]
[Site "Szombathely"]
[Date "2003.07.19"]
[Round "1"]
[White "Simakov, Vladimir A"]
[Black "Okhotnik, Vladimir"]
[Result "1-0"]
[WhiteElo "2070"]
[BlackElo "2446"]
[PlyCount "113"]
[EventDate "2003.07.19"]
[EventType "swiss"]
[EventRounds "9"]
[EventCountry "HUN"]
[SourceTitle "CBM 095 Extra"]
[Source "ChessBase"]
[SourceDate "2003.09.04"]
[SourceVersion "1"]
[SourceVersionDate "2003.09.04"]
[SourceQuality "1"]

1. d4 d6 2. c4 e5 3. dxe5 dxe5 4. Qxd8+ Kxd8 5. Nc3 Be6 6. b3 c6 7. Bb2 f6 8. 0-0-0+ Kc7 9. Nf3 Nd7 10. Rg1 h5 11. e3 a5 12. Nh4 Rh6 13. Bd3 Rd8 14. Bf5 Bxf5 15. Nxf5 Rh7 16. Ne4 Nc5 17. Rxd8 Kxd8 18. Rd1+ Kc7 19. Nfd6 Nxe4 20. Nxe4 Nh6 21. c5 Nf7 22. Bc3 a4 23. Ba5+ Kc8 24. b4 Rh8 25. Kb2 Be7 26. Nc3 Re8 27. Nxa4 e4 28. Nb6+ Kb8 29. Nc4 Kc8 30. a4 Ne5 31. Nxe5 fxe5 32. Kb3 Rf8 33. Rd2 Rf6 34. b5 h4 35. Bb6 Rg6 36. g3 Rh6 37. bxc6 Rxc6 38. Rd5 hxg3 39. hxg3 Re6 40. Kc4 Bf6 41. Rd6 Re8 42. Kd5 Rh8 43. Kxe4 Rh2 44. Rd2 Rh1 45. a5 Rb1 46. Kf5 Ra1 47. e4 Ra3 48. f4 Rxg3 49. fxe5 Rg5+ 50. Kf4 Be7 51. Bd8 Rxe5 52. Kxe5 Bxd8 53. Rxd8+ Kxd8 54. Kf5 Ke7 55. e5 Kd7 56. e6+ Ke7 57. Kg6 1-0

[Event "Budapest FS11 FM"]
[Site "Budapest"]
[Date "2002.??.??"]
[Round "7"]
[White "Csapo, Zoltan"]
[Black "Simakov, Vladimir A"]
[Result "1-0"]
[WhiteElo "2195"]
[BlackElo "2286"]
[PlyCount "81"]
[EventDate "2002.11.??"]
[EventType "tourn"]
[EventRounds "11"]
[EventCountry "HUN"]
[SourceTitle "CBM 091 Extra"]
[Source "ChessBase"]
[SourceDate "2003.01.09"]
[SourceVersion "1"]
[SourceVersionDate "2003.01.09"]
[SourceQuality "1"]

1. e4 e6 2. d4 d5 3. Nc3 dxe4 4. Nxe4 Bd7 5. Nf3 Bc6 6. Bd3 Nd7 7. 0-0 Ngf6 8. Qe2 Be7 9. Rd1 0-0 10. c4 Bxe4 11. Bxe4 Nxe4 12. Qxe4 c6 13. Bd2 Nf6 14. Qe3 Qb6 15. b3 a5 16. Rab1 Rfd8 17. Bc3 Qc7 18. Ne5 a4 19. Qf3 axb3 20. axb3 Ra3 21. g4 Bf8 22. Bb2 Ra2 23. Bc1 Bd6 24. Bf4 Qe7 25. b4 Rda8 26. b5 c5 27. dxc5 Bxc5 28. Bg3 h6 29. Rb3 Rc2 30. Rbd3 Raa2 31. Rd8+ Kh7 32. Qd3+ g6 33. Rf1 Rd2 34. Qxd2 Rxd2 35. Rxd2 g5 36. Rfd1 Bb4 37. Rd7 Nxd7 38. Rxd7 Qc5 39. Nxf7 Kg6 40. Ne5+ Kf6 41. Rf7# 1-0

[Event "Budapest FS11 FM"]
[Site "Budapest"]
[Date "2002.??.??"]
[Round "10"]
[White "Lakat, Gyula"]
[Black "Simakov, Vladimir A"]
[Result "1/2-1/2"]
[WhiteElo "2016"]
[BlackElo "2286"]
[PlyCount "21"]
[EventDate "2002.11.??"]
[EventType "tourn"]
[EventRounds "11"]
[EventCountry "HUN"]
[SourceTitle "CBM 091 Extra"]
[Source "ChessBase"]
[SourceDate "2003.01.09"]
[SourceVersion "1"]
[SourceVersionDate "2003.01.09"]
[SourceQuality "1"]

1. d4 Nf6 2. c4 e6 3. Nc3 Bb4 4. Qc2 d6 5. Nf3 Qe7 6. a3 Bxc3+ 7. Qxc3 b6 8. Bg5 Nbd7 9. e3 Bb7 10. Be2 0-0 11. 0-0 1/2-1/2

[Event "Budapest FS11 FM"]
[Site "Budapest"]
[Date "2002.??.??"]
[Round "3"]
[White "Pali, Gabor"]
[Black "Simakov, Vladimir A"]
[Result "0-1"]
[WhiteElo "2040"]
[BlackElo "2286"]
[PlyCount "112"]
[EventDate "2002.11.??"]
[EventType "tourn"]
[EventRounds "11"]
[EventCountry "HUN"]
[SourceTitle "CBM 091 Extra"]
[Source "ChessBase"]
[SourceDate "2003.01.09"]
[SourceVersion "1"]
[SourceVersionDate "2003.01.09"]
[SourceQuality "1"]

1. e4 e6 2. d4 d5 3. Nd2 dxe4 4. Nxe4 Bd7 5. Nf3 Bc6 6. Bd3 Nd7 7. 0-0 Ngf6 8. Nxf6+ Nxf6 9. Ne5 Qxd4 10. Nxc6 bxc6 11. c3 Qd7 12. Qa4 Bd6 13. Be2 0-0 14. Bf3 Nd5 15. Rd1 Rfd8 16. g3 Qe8 17. c4 Nb6 18. Qxc6 Qxc6 19. Bxc6 Rab8 20. b3 Be5 21. Rxd8+ Rxd8 22. Rb1 Rd1+ 23. Kg2 f5 24. b4 Nxc4 25. Ba4 Re1 26. Bc2 Bd4 27. Bd3 Ne5 28. Bd2 Rxb1 29. Bxb1 Nc4 30. Be1 Kf7 31. Kf3 Nb6 32. Bc2 Nd5 33. Bb3 Bc3 34. Bxd5 Bxe1 35. Bc4 Bxb4 36. h3 Kf6 37. g4 fxg4+ 38. Kxg4 e5 39. Kf3 Bc5 40. Ke2 Kg5 41. Be6 Kf4 42. Bb3 Bd4 43. Bd5 c5 44. Bb3 e4 45. Bg8 h6 46. Bf7 g5 47. Be6 e3 48. fxe3+ Bxe3 49. Bf7 Bd4 50. Bh5 c4 51. Bf7 Kg3 52. Bxc4 Kxh3 53. Kf1 g4 54. Bf7 g3 55. Bd5 h5 56. Be6+ Kh2 0-1

[Event "Budapest FS11 FM"]
[Site "Budapest"]
[Date "2002.??.??"]
[Round "9"]
[White "Palinkas, Balazs"]
[Black "Simakov, Vladimir A"]
[Result "1-0"]
[WhiteElo "1890"]
[BlackElo "2286"]
[PlyCount "92"]
[EventDate "2002.11.??"]
[EventType "tourn"]
[EventRounds "11"]
[EventCountry "HUN"]
[SourceTitle "CBM 091 Extra"]
[Source "ChessBase"]
[SourceDate "2003.01.09"]
[SourceVersion "1"]
[SourceVersionDate "2003.01.09"]
[SourceQuality "1"]

1. d4 e6 2. c4 Nf6 3. Nf3 b6 4. a3 Bb7 5. Nc3 Be7 6. d5 0-0 7. e4 d6 8. Bd3 Nbd7 9. b4 Re8 10. 0-0 exd5 11. exd5 Ng4 12. Nd2 Nge5 13. Bc2 Bf6 14. Nce4 Nf3+ 15. Qxf3 Bxa1 16. Qh3 g6 17. Nf3 Bg7 18. Neg5 Nf6 19. Nd4 h6 20. Nxf7 Kxf7 21. Ne6 Qd7 22. Qd3 Kg8 23. Qxg6 Qf7 24. Qxf7+ Kxf7 25. Nxc7 Rac8 26. Nxe8 Rxe8 27. Bf4 Bf8 28. Bd3 Nd7 29. Rc1 Ne5 30. Bf1 Kf6 31. f3 Rc8 32. Kf2 Ng6 33. Be3 Bg7 34. f4 Kf7 35. g4 Bb2 36. Rc2 Bg7 37. Bd3 Rc7 38. Kg3 Re7 39. Bf2 Bf6 40. Kf3 Kg7 41. a4 Kf7 42. Ra2 Bh8 43. Be4 Nf8 44. a5 Nd7 45. h4 Bc8 46. Bf5 bxa5 1-0